00989nam a2200181 a 450000100100000000500170001000800410002704000250006824501830009326000970027630000210037359000260039470000470042071000550046795201620052295201060068499900170079000004913420201002061701.0140512s1986 br ac 000 0 spa d aDO-SdBNPbspacBNPHU00aPrimera muestra de pintores latinoamericanos :bhomenaje a Diego Rivera en el primer cetenario de su nacimiento (exposición) /ccoordinadora general Leonora González de Vega. aSanto Domingo, República Dominicana :bInstituto Dominicano de Cultura Hispánica,c1986. a100 p. ;c28 cm. aInventariado, 2019/VM1 aGonzález de Vega, Leonoraecoord.9764872 aInstituto Dominicano de Cultura Hispánica976488 001050718MOaPDbPDcHDd2019-07-22iLF1l0o p49135-10r2020-06-25w2020-06-25y1zPerteneció a la biblioteca personal de Chiqui ViciosoZNo se presta 0010507-18MOaPDbPDcOId2019-07-22iLF1l0o p49136-10r2020-06-25w2020-06-25y1ZNo se presta c48622d48622